000 00729nam a2200217Ii 4500
003 JO-AjNU
008 230605s9999||||xx |||||||||||||| ||und||
020 _a978-614-419-323-5
040 _aJO-AjNU
_bara
_erda
_cJO-AjNU
041 _aara
050 1 4 _aBP190.5 2013
100 3 _aخماش، نبال,
_eauthor
_948202
245 0 0 _aالأساطير والأحلام المؤسسة للعقل الإسلامي
250 _aط1
264 3 1 _aبيروت: المؤسسة العربية للدراسات والنشر، 2013
300 _a405ص
336 _atext
_btxt
_2rdacontent
337 _aunmediated
_bn
_2rdamedia
338 _avolume
_bnc
_2rdacarrier
650 4 _aالاساطير- الاحلام- الدين
_948203
999 _aA21093
_c24661
_d24661